000 00245nmm a2200085Ia 4500
008 220120s9999||||xx |||||||||||||||||und||
100 _aPCQ
245 0 _aOpen source tools to accelerate your cloud infrastructure, d
260 _aCyber media Pvt. Ltd.
999 _c139980
_d139980